| 000 | 00536nam a2200169 a 4500 | ||
|---|---|---|---|
| 001 | 000041866 | ||
| 005 | 20201002035811.0 | ||
| 008 | 131018s2004 dr 000 0 spa d | ||
| 040 |
_aDO-SdBNP _bspa _cBNHPU |
||
| 082 |
_axxxx _bxxxx |
||
| 100 | 1 |
_aMontero, Ramón E. _98320 |
|
| 245 | 1 | 0 |
_aDerecho penal electoral : _bdelitos electorales / _cRamón E. Montero. |
| 260 |
_aSanto Domingo, : _bCentenario, _c2004. |
||
| 300 |
_a111 p. ; _c21 cm. |
||
| 500 | _aIncluye datos biografícos en la contraportada. | ||
| 504 | _aBibliografía p: 110 | ||
| 999 |
_c41355 _d41355 |
||